Innovacionnyje tradicii v Švecii i perechod k zelenoj ekonomike

Klimatické a iné vplyvy na životné prostredie vo Švédsku. Investícia Švédska do udržateľného rastu a prechod na zelené technológie. Švédska iniciatíva HYBRIT- úsilie o spustenie pilotnej výroby ocele zo železnej rudy s použitím čistého vodíka v roku 2020.

Salvato in:
Dettagli Bibliografici
Autore principale: Damašková, Tatiana, 1969-
Natura: Capitolo di libro
Lingua:russo
Soggetti:
Tags: Aggiungi Tag
Nessun Tag, puoi essere il primo ad aggiungerne!!

MARC

LEADER 00000naa$a2200000$$$4500
001 0279339
005 20240502083848.4
041 0 |a rus 
044 |a RU 
245 1 0 |a Innovacionnyje tradicii v Švecii i perechod k zelenoj ekonomike  |c Tatiana Damašková 
520 |a Klimatické a iné vplyvy na životné prostredie vo Švédsku. Investícia Švédska do udržateľného rastu a prechod na zelené technológie. Švédska iniciatíva HYBRIT- úsilie o spustenie pilotnej výroby ocele zo železnej rudy s použitím čistého vodíka v roku 2020. 
610 2 0 |a inovácia 
610 2 0 |a environmentalistika 
610 2 0 |a regióny 
610 2 0 |a klimatológia 
610 2 0 |a prostredie životné 
610 2 0 |a Švédsko 
100 1 |a Damašková, Tatiana, 1969-